LEADER 01258nam0 22003131i 450 001 RML0290264 005 20231121125735.0 010 $a8824415589 100 $a20121121d2000 ||||0itac50 ba 101 | $aita 102 $ait 181 1$6z01$ai $bxxxe 182 1$6z01$an 200 1 $aInternet per giuristi$ela prima guida italiana alle informazioni giuridiche on line. Aggiornata al 2000$fFrancesco Brugaletta 205 $a3. ed 210 $aNapoli $cEsselibri-Simone $dİ2000 215 $a317 p.$cill.$d21 cm.$ecd rom 300 $aContiene : CD ROM con i mirror di 12 siti giuridici, software e link ad oltre 600 siti di interesse giuridico 606 $aDiritto Informazione tecnica$2FIR$3RMLC414190$9I 676 $a340$9DIRITTO$v21 700 1$aBrugaletta$b, Francesco$3RMLV155780$0262952 801 3$aIT$bIT-01$c20121121 850 $aIT-FR0098 899 $aBiblioteca Area Giuridico Economica$bFR0098 912 $aRML0290264 950 0$aBiblioteca Area Giuridico Economica$d 53TER 340/25$e 53VM 0000596885 VM barcode:ECO012574. - Inventario:5186. - Fondo:Ufficio amm.neVM$fB $h20060221$i20121204 977 $a 53 996 $aInternet per giuristi$964137 997 $aUNICAS